Loading...
| Science - Chemistry | 0 | 5 | 0 | 2 | 50 | 64 | 101.00 | 0 | 1 |
| Science - Biology | 0 | 5 | 0 | 1 | 50 | 68 | 90.40 | 1 | 2 |
| Mythology | 0 | 3 | 0 | 0 | 30 | 42 | 65.33 | 1 | 2 |
| History - World History | 0 | 4 | 2 | 2 | 30 | 95 | 111.50 | 0 | 0 |
| Religion | 0 | 3 | 1 | 0 | 25 | 77 | 85.67 | 0 | 1 |
| History - American History | 0 | 2 | 0 | 0 | 20 | 58 | 80.50 | 0 | 0 |
| Geography/Current Events | 0 | 2 | 1 | 1 | 15 | 84 | 107.00 | 0 | 1 |
| History - Other History | 0 | 2 | 1 | 0 | 15 | 62 | 64.00 | 0 | 1 |
| Social Science | 0 | 1 | 0 | 0 | 10 | 120 | 120.00 | 0 | 1 |
| Science - Other Science | 0 | 1 | 0 | 0 | 10 | 96 | 96.00 | 0 | 0 |
| Literature - World/Other Literature | 0 | 1 | 0 | 0 | 10 | 53 | 53.00 | 1 | 1 |
| Philosophy | 0 | 1 | 0 | 0 | 10 | 121 | 121.00 | 0 | 0 |
| Literature - European Literature | 0 | 1 | 0 | 1 | 10 | 126 | 126.00 | 0 | 0 |
| Literature - American Literature | 0 | 1 | 0 | 1 | 10 | 129 | 129.00 | 0 | 0 |
| History - European History | 0 | 3 | 4 | 1 | 10 | 117 | 121.33 | 0 | 0 |
| Other Academic | 0 | 1 | 1 | 0 | 5 | 55 | 55.00 | 1 | 1 |
| Science - Physics | 0 | 1 | 2 | 0 | 0 | 101 | 101.00 | 0 | 0 |